00841nam a22002297a 450000500170000000800410001701000150005802000260007303500130009903700150011204000180012708200110014510000240015624500540018026000460023427000770028030000490035752001960040665000030060265100030060570000030060820110714121734.0110714t xxu||||| |||| 00| 0 eng d aENG-103026 a9789350350461c650.00 aEN-86559 bDBAD / PUB adplbEnglish  a340.92 aTewatia, Debi Singh aA journey less travelled /cby Debi Singh Tewatia aNew DelhibUniversal Law Publishingc2011 aC-FF-1A, Dilkhush Industrial Estate, G.T. Karnal RoadbNew Delhie110033 axviii,394p. :c25cm (Hb) bill., col. photos aA compilation of true stories written by teenagers, and by adults writing about their teenage years, focusing on teen relationships with parents, friends, crushes, boyfriends and girlfriends.